Los Parques Nacionales de Chile: una guía para el visitante

Salvato in:
Dettagli Bibliografici
Autori principali: Torres Santibáñez, Hernán (Autore), Torres Cerda, Marcela (Autore)
Natura: Libro
Lingua:spagnolo
Pubblicazione: Santiago Universitaria 2004
Edizione:2a. ed
Soggetti:
Accesso online:portada
Tags: Aggiungi Tag
Nessun Tag, puoi essere il primo ad aggiungerne!!

MARC

LEADER 00000nam a2200000 a 4500
001 UCJ8871
003 CL-VaPUC
008 070124e20040500CL |||||||||||||||||spa|d
020 |a 9561117010 
082 0 4 |a 918  |b TOR  |2 21 
100 0 |a Torres Santibáñez, Hernán  |e author  |9 518444 
700 0 |a Torres Cerda, Marcela  |e author  |9 518445 
245 1 4 |a Los Parques Nacionales de Chile: una guía para el visitante 
250 |a 2a. ed 
300 |a 161 p 
942 |c BK 
945 |d 20070124 00:00:00  |a fvergara 
260 |a Santiago  |b Universitaria  |c 2004 
500 |a Guía complementada con fotos y mapas de los atractivos naturales que señala 
500 |a Incluye Glosario y recomienda Lecturas 
600 0 7 |a PARQUE NACIONAL ALERCE ANDINO  |2 CL-VaPUC  |9 518446 
600 0 7 |a PARQUE NACIONAL FRAY JORGE  |2 CL-VaPUC  |9 265533 
650 0 |a Geografía de Chile   |9 268295 
650 7 |a GUIAS  |2 CL-VaPUC  |9 518447 
650 7 |a PARQUES NACIONALES  |2 CL-VaPUC  |9 332012 
650 7 |a RESERVAS NACIONALES  |2 CL-VaPUC  |9 518448 
650 7 |a MONUMENTOS NATURALES  |2 CL-VaPUC  |9 333535 
651 7 |a CHILE  |2 CL-VaPUC  |9 518449 
651 7 |a LAUCA  |2 CL-VaPUC  |9 518450 
651 7 |a SALAR DE SURIRE  |2 CL-VaPUC  |9 518451 
651 7 |a VOLCAN ISLUGA  |2 CL-VaPUC  |9 518452 
651 7 |a LOS FLAMENCOS  |2 CL-VaPUC  |9 518453 
651 7 |a PAN DE AZUCAR  |2 CL-VaPUC  |9 518454 
651 0 |a Archipiélago Juan Fernández  |9 261249 
651 0 |a Rapa Nui (Isla de Pascua)  |9 496097 
651 7 |a LA CAMPANA  |2 CL-VaPUC  |9 511846 
651 7 |a EL MORADO  |2 CL-VaPUC  |9 518455 
651 7 |a LAGUNA DEL LAJA  |2 CL-VaPUC  |9 518456 
651 7 |a NAHUELBUTA  |2 CL-VaPUC  |9 518457 
651 7 |a CONGUILLIO  |2 CL-VaPUC  |9 518458 
651 7 |a TOLHUACA  |2 CL-VaPUC  |9 518459 
651 7 |a VILLARRICA  |2 CL-VaPUC  |9 443930 
651 7 |a HUERQUEHUE  |2 CL-VaPUC  |9 518460 
651 7 |a VICENTE PEREZ ROSALES  |2 CL-VaPUC  |9 518461 
651 7 |a PUYEHUE  |2 CL-VaPUC  |9 518462 
651 0 |a Chiloé  |9 265209 
651 7 |a QUEULAT  |2 CL-VaPUC  |9 518463 
651 7 |a LAGUNA SAN RAFAEL  |2 CL-VaPUC  |9 505532 
651 7 |a CUEVA DEL MILODON  |2 CL-VaPUC  |9 518464 
651 7 |a TORRES DEL PAINE  |2 CL-VaPUC  |9 518465 
856 7 |f UCJ8871_01.jpg  |u http://opac.pucv.cl/pucv_img/Img-8500/UCJ8871_01.jpg  |q JEPG  |2 file  |z portada 
583 |a last modification  |c 20070124 00:00:00  |k Rodrigo Vera 
999 |c 324520  |d 324518 
952 |0 0  |1 0  |4 0  |6 918_000000000000000_TOR_2004  |7 0  |8 X  |9 404767  |a FDOBUD  |b FDOBUD  |d 2019-11-22  |i 1085158  |o 918 TOR 2004  |p 1085158  |r 2019-11-22  |w 2019-11-22  |y BK_X  |k BUD